Statystyki dla Mapa płyt tektonicznych

Kliknij tutaj aby rozwiązać quiz!

Ogólne statystyki

  • Ten quiz został rozwiązany 91 razy
  • Średni wynik to 11 z 15

Odpowiedzi na mapie

Odpowiedzi skodowane kolorowo w zielono-czerwonej skali na mapie do tego quizu, zgodnie z poniższymi procentami.
 

Statystyki odpowiedzi

Odpowiedź% Poprawnych
Płyta Afrykańska
92%
Płyta Indyjska
91%
Płyta Arabska
89%
Płyta Australijska
89%
Płyta Eurazjatycka
89%
Płyta Antarktyczna
88%
Płyta Filipińska
85%
Płyta Pacyficzna
85%
Płyta Południowoamerykańska
84%
Płyta Karaibska
81%
Płyta Północnoamerykańska
81%
Płyta Kokosowa
47%
Płyta Juan de Fuca
43%
Płyta Scotia
43%
Płyta Nazca
39%

Rozkład punktacji

Percentyl według liczby udzielonych odpowiedzi

Procent ludzi z każdym wynikiem

Twoja historia wyników

Nie rozwiązałeś tego quizu